000 00585nam a22002057a 4500
005 20240223102919.0
008 240223b ||||| |||| 00| 0 eng d
020 _a9789358492330
040 _aIN-DiNC
_cIN-DiNC
041 _deng
082 _a420
_bBOR
100 _aBorthakur, Sunil
_eauthor
245 _aEnglish language and communication skills/
_cby Sunil Borthakur and Rizia Begum Laskar
250 _a2nd ed.
260 _aDibrugarh:
_bBanalata,
_c2024.
300 _a341p.
650 _aEnglish communication
700 _aLaskar, Rizia Begum
_eauthor
942 _2ddc
_cBK
999 _c11753
_d11753